000 00185 a2200085 4500
100 _aMelik Saraçoğlu, Hakkı Kurtuluş
245 _aGözümün Nuru
260 _c2013
264 _c2013
999 _c200431189
_d49401